000 01612cam a2200409 i 4500
001 67952
003 Mx-PuUPA
005 20240410104250.0
008 190506s2016 mx a br 00| 1 spa d
020 _a9786072420380
020 _a9789687791760 (colección Barco de vapor)
040 _aMx-PuUPA
_bspa
_cMx-PuUPA
_dMx-PuUPA
_erda
041 1 _aspa
_heng
100 1 _aFine, Anne,
_d1947-
_eautor
_98310
240 1 0 _aHow to write really badly.
_f1996.
_lEspañol.
245 1 0 _aCómo escribir realmente mal /
_cAnne Fine ; ilustraciones de Julio Sánchez ; traducción del inglés, María José Guitián.
250 _aSegunda edición
264 4 _aCiudad de México :
_bEdiciones SM,
_c2016
300 _a112 páginas :
_bilustraciones ;
_c19 cm.
336 _2rdacontent
_atexto
_btxt
337 _2rdamedia
_asin medio
_bn
338 _2rdacarrier
_avolumen
_bnc
490 1 _aEl barco de vapor. Naranja ;
_v66 M
650 4 _aEscuelas
_xLiteratura infantil
650 4 _aAmistad
_xLiteratura infantil
_vFicción infantil
650 4 _aLiteratura inglesa
_vFicción infantil
700 1 _aSánchez, Julio,
_eilustrador
700 1 _aGuitián, María José,
_etraductor
765 1 8 _aFine, Anne
_tHow to write really badly.
_dLondon : Egmont, ©1996
830 3 _aEl barco de vapor.
_pNaranja ;
_v66 M
942 _2ddc
_cLI
_h808.8035234
_iB2966
999 _c67952
_d67952